Statistieken voor Dominicaanse Republiek Trivia Quiz

Klik hier om de quiz te nemen!

Algemene statistieken

  • Deze quiz is 259 keer genomen
  • De gemiddelde score is 11 van 15

Antwoordstatistieken

HintAntwoord% Correct
Het enige land dat aan de DR grenstHaïti
98%
Officiële taalSpaans
93%
Meer dan 1 miljoen Dominicanen wonen in het buitenland in dit landVerenigde Staten
90%
Zee waar de DR in ligtCaribische zee
87%
HoofdstadSanto Domingo
87%
ValutaPeso
79%
Bovenstaande is de _____ stad die door Europeanen in de Nieuwe Wereld is gestichtOudste
78%
Brugal, Barcelo en Bermudez zijn merken van deze drankRum
76%
Eiland dat wordt gedeeld met het bovenstaandeHispaniola
74%
Meest populaire sportHonkbal
71%
Eiland dat ongeveer 120 km ten oosten van de DR ligtPuerto Rico
69%
5% van de export van de DR bestaat uit dit vaak met de hand gerolde productSigaren
69%
In de DR is merengue een soort ...Muziek
58%
Beroemde modeontwerper met initialen ODLROscar de la Renta
33%
Dictator met de bijnaam "El Jefe" naar wie de hoofdstad ooit is vernoemdRafael Trujillo
30%

Scoreverdeling

Percentiel versus Aantal Correcte Antwoorden

Procent van Mensen met Elke Score

Uw Scoregeschiedenis

U heeft deze quiz nog niet genomen